| 000 | 00980nam a22001817a 4500 | ||
|---|---|---|---|
| 999 |
_c58828 _d58828 |
||
| 003 | Ge_BSU | ||
| 005 | 20221005154903.0 | ||
| 008 | 221005s1985 ge ||||| |||| 00| 0 geo d | ||
| 041 | _ageo | ||
| 080 | _a1(1-662)(09) ბ-32 | ||
| 100 |
_aბაქრაძე, კონსტანტინე _93920 |
||
| 245 |
_aრჩეული ფილოსოფიური თხზულებანი : _bტ. 3, უახლესი და თანამედროვე ბურჟუაზიული ფილოსოფიის ისტორიის ნარკვევები / _cკონსტანტინე ბაქრაძე. |
||
| 264 |
_aთბილისი : _bთბილ. უნ-ტის გამ-ბა, _c1985. |
||
| 300 | _a 474 გვ. | ||
| 501 | _a პირთა საძიებელი: გვ. 471-473. | ||
| 653 | _aბურჟუაზიული ფილოსოფიის ისტორია | ||
| 942 |
_2udc _cBK |
||